00310nam a2200121Ia 4500008004100000082001600041100002000057245002900077250000800106260004500114300001000159650001900169150201s2002 xx 000 0 und d a616bE2002J aJOSEPH, BERTINO aENCYCLOPEDIA OF CANCER-4 a2ND bACADEMIC PRESSaSEN DIAGO ( U.S.A)c2002 a1-629 aORAL PATHOLOGY